[Event "Oberliga Bayern 1718"]
[Site "Bayern"]
[Date "2018.04.15"]
[Round "9.2"]
[White "Schmid, Roland1111"]
[Black "Zesch, Ludwig"]
[Result "1/2-1/2"]
[WhiteElo "2309"]
[BlackElo "2309"]
[PlyCount "135"]
[EventDate "2017.10.22"]
[EventType "team-tourn"]
[EventRounds "9"]
[EventCountry "GER"]
[SourceTitle "EXT 2020"]
[Source "ChessBase"]
[SourceDate "2019.10.17"]
[SourceVersion "1"]
[SourceVersionDate "2019.10.17"]
[SourceQuality "1"]
[WhiteTeam "Regensburg Post/Sued"]
[BlackTeam "Bayern Muenchen II"]
[WhiteTeamCountry "GER"]
[BlackTeamCountry "GER"]

1. c4 g6 2. d4 Bg7 3. Nf3 Nf6 4. e3 0-0 5. Be2 c5 6. d5 d6 7. Nc3 Na6 8. 0-0 Nc7 9. e4 a6 10. a4 b6 11. Re1 Bg4 12. Rb1 Rb8 13. b4 Nd7 14. Qc2 cxb4 15. Rxb4 Nc5 16. Nd2 Bd7 17. Rb1 Qe8 18. Bd1 b5 19. axb5 axb5 20. cxb5 Nxb5 21. Nxb5 Bxb5 22. Nc4 Qd7 23. Bb2 Bxb2 24. Rxb2 Qc7 25. Be2 Ba4 26. Qb1 Rxb2 27. Nxb2 Rb8 28. Qc1 Qa5 29. Nxa4 Qxa4 30. e5 Qd4 31. exd6 exd6 32. Bf1 Rb2 33. Re8+ Kg7 34. Qe3 Qxe3 35. fxe3 Rd2 36. e4 Rd4 37. e5 Rxd5 38. exd6 Rxd6 39. Re7 Kf6 40. Re3 g5 41. Bc4 Kg6 42. Re5 Ne6 43. Bxe6 fxe6 44. Kf2 Kf6 45. Ra5 Rd2+ 46. Kf3 Rd3+ 47. Ke4 Rd2 48. Kf3 h5 49. Rb5 Ra2 50. Rb8 Kf5 51. Rf8+ Ke5 52. Rh8 Ra3+ 53. Kf2 h4 54. Rg8 Kf4 55. Rf8+ Ke4 56. Rb8 Ra2+ 57. Kg1 e5 58. Rb4+ Ke3 59. Rb3+ Kf4 60. g3+ Kg4 61. gxh4 gxh4 62. Rb4+ Kf3 63. Rb3+ Kf4 64. Rh3 Kg4 65. Re3 Kf4 66. Rh3 Ra1+ 67. Kf2 Ra2+ 68. Kg1 1/2-1/2

[Event "Oberliga Bayern 1718"]
[Site "Bayern"]
[Date "2017.12.10"]
[Round "4.4"]
[White "Zesch, Ludwig"]
[Black "Cabarkapa, Novak"]
[Result "1/2-1/2"]
[WhiteElo "2309"]
[BlackElo "2438"]
[PlyCount "61"]
[EventDate "2017.10.22"]
[EventType "team-tourn"]
[EventRounds "9"]
[EventCountry "GER"]
[SourceTitle "EXT 2020"]
[Source "ChessBase"]
[SourceDate "2019.10.17"]
[SourceVersion "1"]
[SourceVersionDate "2019.10.17"]
[SourceQuality "1"]
[WhiteTeam "Bayern Muenchen II"]
[BlackTeam "Deggendorf"]
[WhiteTeamCountry "GER"]
[BlackTeamCountry "GER"]

1. e4 d5 2. exd5 Qxd5 3. Nc3 Qd6 4. d4 Nf6 5. Nf3 c6 6. Ne5 Be6 7. Bf4 Qd8 8. Be2 Nbd7 9. 0-0 g6 10. Na4 Bg7 11. c4 0-0 12. Nxd7 Bxd7 13. Nc5 Bf5 14. Nxb7 Qb6 15. Nc5 Qxb2 16. Na4 Qc2 17. Nc5 Qc3 18. Rc1 Qb2 19. g4 Bc8 20. Rc2 Qb6 21. h3 Rd8 22. Rd2 h5 23. Kg2 hxg4 24. hxg4 Nd7 25. Nb3 a5 26. c5 Qa7 27. Bf3 a4 28. Nc1 Nf6 29. Bxc6 Bxg4 30. f3 Be6 31. Bxa8 1/2-1/2

[Event "Oberliga Bayern 1718"]
[Site "Bayern"]
[Date "2017.11.12"]
[Round "2.4"]
[White "Zesch, Ludwig"]
[Black "Ulusoy, Tolga"]
[Result "1-0"]
[WhiteElo "2309"]
[BlackElo "2082"]
[PlyCount "81"]
[EventDate "2017.10.22"]
[EventType "team-tourn"]
[EventRounds "9"]
[EventCountry "GER"]
[SourceTitle "EXT 2020"]
[Source "ChessBase"]
[SourceDate "2019.10.17"]
[SourceVersion "1"]
[SourceVersionDate "2019.10.17"]
[SourceQuality "1"]
[WhiteTeam "Bayern Muenchen II"]
[BlackTeam "Nuernberg NT II"]
[WhiteTeamCountry "GER"]
[BlackTeamCountry "GER"]

1. e4 c5 2. Nf3 d6 3. Bb5+ Bd7 4. Bxd7+ Qxd7 5. 0-0 Nc6 6. c4 g6 7. d4 cxd4 8. Nxd4 Bg7 9. Be3 Nf6 10. f3 0-0 11. Nc3 Rfd8 12. Rc1 Ne8 13. Nde2 b6 14. b3 Nc7 15. Qe1 Ne6 16. Rd1 Qb7 17. f4 Nc5 18. Qh4 Nb4 19. f5 Bf6 20. Qg4 h5 21. Qf3 Nc6 22. fxg6 fxg6 23. Bxc5 Ne5 24. Qg3 bxc5 25. Nf4 Kh7 26. Ne6 Rg8 27. Nd5 Bg7 28. Qh4 Rae8 29. Ndc7 Bf6 30. Rxf6 exf6 31. Nxe8 Rxe8 32. Qxf6 Ng4 33. Nf8+ Rxf8 34. Qxf8 Qxe4 35. Qf7+ Kh8 36. Qf3 Qe5 37. Qg3 Qe2 38. Qe1 Qxa2 39. h3 Nh6 40. Rxd6 Nf5 41. Qe5+ 1-0

[Event "Oberliga Bayern 1617"]
[Site "Bayern"]
[Date "2016.12.04"]
[Round "3.5"]
[White "Bergauz, Avigdor"]
[Black "Zesch, Ludwig"]
[Result "0-1"]
[WhiteElo "2131"]
[BlackElo "2263"]
[PlyCount "108"]
[EventDate "2016.10.16"]
[EventType "team-tourn"]
[EventRounds "9"]
[EventCountry "GER"]
[SourceTitle "EXT 2019"]
[Source "ChessBase"]
[SourceDate "2018.10.10"]
[SourceVersion "1"]
[SourceVersionDate "2018.10.10"]
[SourceQuality "1"]
[WhiteTeam "Muenchen Suedost"]
[BlackTeam "Bayern Muenchen II"]
[WhiteTeamCountry "GER"]
[BlackTeamCountry "GER"]

1. c4 g6 2. g3 Bg7 3. Bg2 c5 4. Nc3 Nc6 5. e3 e6 6. Nge2 Nge7 7. 0-0 0-0 8. Nf4 Rb8 9. d3 a6 10. a4 b6 11. Qb3 Bb7 12. Rd1 Na5 13. Qc2 Bxg2 14. Kxg2 d5 15. cxd5 e5 16. Nfe2 Nxd5 17. Nxd5 Qxd5+ 18. e4 Qe6 19. Bd2 Nb3 20. Ra3 Nd4 21. Nxd4 cxd4 22. Qb3 Qxb3 23. Rxb3 Rfc8 24. Kf1 Rc2 25. Ke1 f6 26. Ba5 Rc6 27. Ra1 Kf7 28. Kd1 Ke6 29. Rc1 Rxc1+ 30. Kxc1 Rc8+ 31. Kd1 bxa5 32. Rb6+ Kf7 33. Rxa6 Rc5 34. Ra7+ Kg8 35. Ra8+ Bf8 36. Ra7 Bh6 37. Ra8+ Kf7 38. Ra7+ Ke6 39. Rxh7 Rc1+ 40. Ke2 Bf8 41. Rb7 Bb4 42. h4 Rc2+ 43. Kf1 Rd2 44. g4 Rxd3 45. Kg2 Bd2 46. Rb6+ Kf7 47. Rb7+ Kg8 48. Rb8+ Kg7 49. Rb7+ Kh6 50. Rb6 Bf4 51. Rxf6 Rb3 52. h5 d3 53. Rxg6+ Kh7 54. g5 Bxg5 0-1

[Event "Oberliga Bayern 1516"]
[Site "Bayern"]
[Date "2016.01.31"]
[Round "6.6"]
[White "Rohrmueller, Ulrich"]
[Black "Zesch, Ludwig"]
[Result "0-1"]
[WhiteElo "2178"]
[BlackElo "2263"]
[PlyCount "98"]
[EventDate "2015.10.11"]
[EventType "team-tourn"]
[EventRounds "9"]
[EventCountry "GER"]
[SourceTitle "EXT 2018"]
[Source "ChessBase"]
[SourceDate "2017.10.13"]
[SourceVersion "1"]
[SourceVersionDate "2017.10.13"]
[SourceQuality "1"]
[WhiteTeam "Groebenzell"]
[BlackTeam "Bayern Muenchen II"]
[WhiteTeamCountry "GER"]
[BlackTeamCountry "GER"]

1. c4 g6 2. g3 Bg7 3. Bg2 c5 4. Nc3 Nc6 5. Nf3 e6 6. d3 Nge7 7. Bg5 h6 8. Bd2 d5 9. Qc1 d4 10. Na4 b6 11. a3 a5 12. 0-0 Bd7 13. Qc2 0-0 14. Rfb1 Qc7 15. Qc1 Kh7 16. Qd1 Rab8 17. b4 axb4 18. axb4 cxb4 19. Bxb4 Nxb4 20. Rxb4 b5 21. cxb5 Rxb5 22. Rc4 Qd6 23. Rac1 Rfb8 24. Nc5 Bc6 25. Nd2 Bxg2 26. Kxg2 Nd5 27. Nf3 f5 28. Qa4 Nc3 29. Qa7 Qd5 30. e4 fxe4 31. Nxe4 R5b7 32. Nxc3 Qxc4 33. Qxb7 Rxb7 34. dxc4 dxc3 35. Rc2 Rc7 36. Kf1 Rxc4 37. Ke2 g5 38. h4 g4 39. Nh2 h5 40. Nf1 Kg6 41. Ne3 Rc8 42. Kd3 Rd8+ 43. Ke2 Be5 44. Ra2 Rb8 45. Rc2 Rb2 46. Kd3 Kf6 47. Ng2 Rxc2 48. Kxc2 Bd4 49. Nf4 e5 0-1

[Event "Oberliga Bayern 1516"]
[Site "Bayern"]
[Date "2015.12.13"]
[Round "4.7"]
[White "Bachstein, Dustin"]
[Black "Zesch, Ludwig"]
[Result "0-1"]
[WhiteElo "2068"]
[BlackElo "2263"]
[PlyCount "56"]
[EventDate "2015.10.11"]
[EventType "team-tourn"]
[EventRounds "9"]
[EventCountry "GER"]
[SourceTitle "EXT 2018"]
[Source "ChessBase"]
[SourceDate "2017.10.13"]
[SourceVersion "1"]
[SourceVersionDate "2017.10.13"]
[SourceQuality "1"]
[WhiteTeam "Erlangen SC"]
[BlackTeam "Bayern Muenchen II"]
[WhiteTeamCountry "GER"]
[BlackTeamCountry "GER"]

1. e4 c5 2. Nf3 d6 3. d4 cxd4 4. Nxd4 Nf6 5. Nc3 a6 6. Bg5 Nbd7 7. Qe2 g6 8. 0-0-0 Bg7 9. f4 Qa5 10. g4 0-0 11. h4 h6 12. Bxf6 Nxf6 13. Rg1 e5 14. fxe5 dxe5 15. Nb3 Qb6 16. Bh3 h5 17. Nd5 Nxd5 18. exd5 Qf6 19. Rd3 e4 20. Qxe4 Qxb2+ 21. Kd2 hxg4 22. Bxg4 f5 23. Qc4 Bh6+ 24. Ke1 fxg4 25. d6+ Rf7 26. Qd5 Bd7 27. Nc5 Qc1+ 28. Rd1 Qe3# 0-1

[Event "Oberliga Bayern 1415"]
[Site "Germany"]
[Date "2014.11.23"]
[Round "3.3"]
[White "Zesch, Ludwig"]
[Black "Billing, Christian"]
[Result "1-0"]
[WhiteElo "2300"]
[BlackElo "2220"]
[PlyCount "69"]
[EventDate "2014.10.19"]
[EventType "team-tourn"]
[EventRounds "9"]
[EventCountry "GER"]
[SourceTitle "EXT 2016"]
[Source "ChessBase"]
[SourceDate "2015.10.08"]
[SourceVersion "1"]
[SourceVersionDate "2015.10.08"]
[SourceQuality "1"]
[WhiteTeam "Bayern Muenchen II"]
[BlackTeam "Dillingen"]
[WhiteTeamCountry "GER"]
[BlackTeamCountry "GER"]

1. e4 d6 2. Nf3 g6 3. Bc4 Bg7 4. 0-0 Nc6 5. d4 e5 6. dxe5 dxe5 7. Ng5 Nh6 8. Nc3 Nd4 9. Ne2 0-0 10. Nxd4 exd4 11. h3 Qe7 12. f4 Kh8 13. Re1 Qc5 14. Bd3 f6 15. Nf3 Nf7 16. a3 Qd6 17. Bc4 c5 18. b4 b6 19. c3 dxc3 20. Qb3 Qe7 21. bxc5 Qxc5+ 22. Be3 Qc7 23. Nd4 Nd6 24. Bd5 Nb7 25. Rac1 Nc5 26. Rxc3 Qd7 27. Qb5 Rb8 28. Rxc5 bxc5 29. Qxb8 cxd4 30. Bxd4 a5 31. Rc1 Ba6 32. Qb6 Rc8 33. Rxc8+ Qxc8 34. Qxf6 Qc1+ 35. Kh2 1-0

[Event "Oberliga Bayern 1415"]
[Site "Germany"]
[Date "2014.11.09"]
[Round "2.4"]
[White "Zesch, Ludwig"]
[Black "Koepke, Elena"]
[Result "1-0"]
[WhiteElo "2300"]
[BlackElo "2318"]
[PlyCount "105"]
[EventDate "2014.10.19"]
[EventType "team-tourn"]
[EventRounds "9"]
[EventCountry "GER"]
[SourceTitle "EXT 2016"]
[Source "ChessBase"]
[SourceDate "2015.10.08"]
[SourceVersion "1"]
[SourceVersionDate "2015.10.08"]
[SourceQuality "1"]
[WhiteTeam "Bayern Muenchen II"]
[BlackTeam "Garching"]
[WhiteTeamCountry "GER"]
[BlackTeamCountry "GER"]

1. e4 g6 2. d4 Bg7 3. Nc3 d6 4. g3 Nf6 5. Bg2 0-0 6. Nge2 e5 7. 0-0 c6 8. a4 Nbd7 9. h3 Re8 10. d5 Nf8 11. Be3 cxd5 12. Nxd5 Nxd5 13. Qxd5 Ne6 14. Rfd1 Bf8 15. Nc3 Nc7 16. Qb3 b6 17. Bf1 Qe7 18. a5 Be6 19. Nd5 Bxd5 20. exd5 b5 21. a6 Qd7 22. Ra5 Reb8 23. Kh2 Be7 24. Qc3 Qd8 25. b4 Rc8 26. Qd2 Rcb8 27. Rb1 Qd7 28. Rb3 Bd8 29. Qd3 f5 30. c4 Qf7 31. Rb1 Ne8 32. Rxb5 Rxb5 33. cxb5 Rb8 34. Rc1 f4 35. gxf4 exf4 36. Bd4 Bf6 37. Rc6 f3 38. Bxf6 Qxf6 39. b6 axb6 40. Qc3 Qd8 41. b5 Ng7 42. Qxf3 Qe7 43. Qc3 Qf7 44. Bg2 Re8 45. Qf3 Qe7 46. Rxb6 Nf5 47. Qf4 Rf8 48. Rb7 Qf6 49. a7 g5 50. Qe4 Qa1 51. b6 Qa2 52. Qe6+ Kh8 53. Qd7 1-0

[Event "Oberliga Ost-A 1112"]
[Site "Germany"]
[Date "2012.01.14"]
[Round "6.1"]
[White "Zesch, Ludwig"]
[Black "Stolz, Mike"]
[Result "1-0"]
[WhiteElo "2284"]
[BlackElo "2381"]
[PlyCount "43"]
[EventDate "2011.09.25"]
[EventType "team-tourn"]
[EventRounds "11"]
[EventCountry "GER"]
[SourceTitle "EXT 2013"]
[Source "ChessBase"]
[SourceDate "2012.11.22"]
[SourceVersion "1"]
[SourceVersionDate "2012.11.22"]
[SourceQuality "1"]
[WhiteTeam "Leipzig SG III"]
[BlackTeam "Magdeburg Rochade"]
[WhiteTeamCountry "GER"]
[BlackTeamCountry "GER"]

1. e4 e6 2. d4 d5 3. Nd2 Nf6 4. Bd3 c5 5. e5 Nfd7 6. c3 Nc6 7. Ne2 a5 8. 0-0 a4 9. Nf3 Be7 10. Re1 cxd4 11. Nexd4 a3 12. b4 g5 13. Nxg5 Nxd4 14. Nxf7 Kxf7 15. Qh5+ Kg8 16. cxd4 Nf6 17. exf6 Bxf6 18. Re3 Bg7 19. Rf3 Qe7 20. Bg5 Qd7 21. Bb5 Qd6 22. Qf7# 1-0

[Event "Oberliga Ost-A 1112"]
[Site "Germany"]
[Date "2011.10.23"]
[Round "3.1"]
[White "Zesch, Ludwig"]
[Black "Ruemmler, Roland"]
[Result "1-0"]
[WhiteElo "2284"]
[BlackElo "2013"]
[PlyCount "47"]
[EventDate "2011.09.25"]
[EventType "team-tourn"]
[EventRounds "11"]
[EventCountry "GER"]
[SourceTitle "EXT 2013"]
[Source "ChessBase"]
[SourceDate "2012.11.22"]
[SourceVersion "1"]
[SourceVersionDate "2012.11.22"]
[SourceQuality "1"]
[WhiteTeam "Leipzig SG III"]
[BlackTeam "Naumburg"]
[WhiteTeamCountry "GER"]
[BlackTeamCountry "GER"]

1. e4 e6 2. d4 c5 3. Nf3 cxd4 4. Nxd4 Nf6 5. Nc3 d6 6. g4 h5 7. g5 Ng8 8. Bb5+ Nd7 9. g6 Qf6 10. gxf7+ Kxf7 11. Rg1 a6 12. Bg5 Qe5 13. Bc4 Ndf6 14. f4 Qc5 15. Bb3 Ng4 16. h3 Nh2 17. Rg3 Be7 18. Bxe7 Nxe7 19. Qd2 h4 20. Re3 Nc6 21. Nxc6 bxc6 22. 0-0-0 g5 23. Na4 Qa7 24. Rc3 1-0

[Event "Oberliga Ost-A 1011"]
[Site "Germany"]
[Date "2011.01.16"]
[Round "5.4"]
[White "Zesch, Ludwig"]
[Black "Poenisch, Eckehard"]
[Result "1-0"]
[WhiteElo "2264"]
[BlackElo "2251"]
[PlyCount "53"]
[EventDate "2010.10.24"]
[EventType "team-tourn"]
[EventRounds "11"]
[EventCountry "GER"]
[SourceTitle "EXT 2012"]
[Source "ChessBase"]
[SourceDate "2011.11.24"]
[SourceVersion "1"]
[SourceVersionDate "2011.11.24"]
[SourceQuality "1"]
[WhiteTeam "Leipzig Gohlis"]
[BlackTeam "Coswig"]
[WhiteTeamCountry "GER"]
[BlackTeamCountry "GER"]

1. e4 c5 2. Nf3 e6 3. d4 cxd4 4. Nxd4 Nf6 5. Nc3 Bb4 6. e5 Nd5 7. Bd2 Bxc3 8. bxc3 0-0 9. c4 Ne7 10. Bd3 Nbc6 11. Nxc6 Nxc6 12. Qh5 g6 13. Qe2 d6 14. exd6 Qxd6 15. 0-0 e5 16. Rab1 Re8 17. Bc3 b6 18. Qe3 Be6 19. Rfe1 Rad8 20. Qg5 Qe7 21. Qg3 f6 22. h4 Kg7 23. h5 g5 24. Rb5 Qf7 25. f4 exf4 26. Qxg5+ Kf8 27. Bxf6 1-0

[Event "BL2-Ost 0708"]
[Site "Germany"]
[Date "2007.12.09"]
[Round "4.8"]
[White "Schramm, Torsten"]
[Black "Zesch, Ludwig"]
[Result "1/2-1/2"]
[WhiteElo "2228"]
[BlackElo "2285"]
[PlyCount "87"]
[EventDate "2007.10.21"]
[EventType "team-tourn"]
[EventRounds "9"]
[EventCountry "GER"]
[SourceTitle "EXT 2009"]
[Source "ChessBase"]
[SourceDate "2008.11.26"]
[SourceVersion "1"]
[SourceVersionDate "2008.11.26"]
[SourceQuality "1"]
[WhiteTeam "Aue Nickelhuette"]
[BlackTeam "Leipzig Gohlis"]
[WhiteTeamCountry "GER"]
[BlackTeamCountry "GER"]

1. Nf3 g6 2. c4 Bg7 3. d4 Nf6 4. Nc3 0-0 5. e4 d6 6. Be2 Bg4 7. Be3 Nfd7 8. 0-0 a6 9. Rc1 c5 10. Qd2 Bxf3 11. Bxf3 cxd4 12. Bxd4 Bxd4 13. Qxd4 Nc6 14. Qd2 Qa5 15. Rfd1 Rab8 16. b3 Rfd8 17. Nd5 Qxd2 18. Rxd2 Kf8 19. Be2 e6 20. Nc3 Ke7 21. Rcd1 Nc5 22. f4 f6 23. Bf3 e5 24. fxe5 dxe5 25. Rxd8 Rxd8 26. Rxd8 Nxd8 27. Kf2 Nc6 28. Ke3 Nd4 29. Bd1 a5 30. Nd5+ Kf7 31. Nc3 Ke6 32. g3 Kd6 33. Bg4 Nc2+ 34. Kd2 Nb4 35. Bd1 f5 36. a3 Nc6 37. Ke3 Ne6 38. Nd5 h6 39. b4 axb4 40. axb4 fxe4 41. Kxe4 Ng5+ 42. Ke3 Nd4 43. Nc3 b6 44. Ne4+ 1/2-1/2

[Event "EU-ch 8th"]
[Site "Dresden"]
[Date "2007.04.14"]
[Round "11"]
[White "Kaplan, Sasha"]
[Black "Zesch, Ludwig"]
[Result "1-0"]
[WhiteElo "2429"]
[BlackElo "2287"]
[PlyCount "103"]
[EventDate "2007.04.03"]
[EventType "swiss"]
[EventRounds "11"]
[EventCountry "GER"]
[SourceTitle "CBM 118"]
[Source "ChessBase"]
[SourceDate "2007.05.31"]
[SourceVersion "1"]
[SourceVersionDate "2007.05.31"]
[SourceQuality "1"]

1. e4 c5 2. c3 Nf6 3. e5 Nd5 4. d4 cxd4 5. Nf3 e6 6. cxd4 d6 7. Bc4 Nc6 8. Qe2 Be7 9. 0-0 0-0 10. Qe4 Bd7 11. Re1 Rc8 12. a3 Na5 13. Ba2 Nc4 14. Nbd2 Nxd2 15. Bxd2 Bc6 16. Qg4 g6 17. Ng5 dxe5 18. dxe5 h5 19. Qg3 Bxg5 20. Bxg5 Qb6 21. Bb3 Qd4 22. Bd1 Kh7 23. Qh3 Rh8 24. Rb1 b6 25. Bf3 Nf4 26. Qg3 Nd5 27. Be4 Ba8 28. Qh3 Rc4 29. Bd3 Rc7 30. Qxh5+ Kg8 31. Qf3 Bb7 32. Re4 Qc5 33. Rc4 Qxc4 34. Bxc4 Rxc4 35. Bf6 Rf4 36. Qg3 Rh5 37. Rd1 Rc4 38. Qb3 Rc8 39. f3 Rh7 40. Qa4 Rh5 41. Qxa7 Ba8 42. Qd7 Rf8 43. Be7 Nxe7 44. Qxe7 Bd5 45. Qc7 b5 46. f4 Kg7 47. Rc1 Rfh8 48. Qe7 Rf5 49. g3 Ra8 50. Rc7 Rb8 51. Rd7 g5 52. g4 1-0

[Event "EU-ch 8th"]
[Site "Dresden"]
[Date "2007.04.12"]
[Round "9"]
[White "Zesch, Ludwig"]
[Black "Porper, Edward"]
[Result "0-1"]
[WhiteElo "2287"]
[BlackElo "2492"]
[PlyCount "104"]
[EventDate "2007.04.03"]
[EventType "swiss"]
[EventRounds "11"]
[EventCountry "GER"]
[SourceTitle "CBM 118"]
[Source "ChessBase"]
[SourceDate "2007.05.31"]
[SourceVersion "1"]
[SourceVersionDate "2007.05.31"]
[SourceQuality "1"]

1. e4 e6 2. d4 d5 3. Nd2 c5 4. exd5 Qxd5 5. Ngf3 cxd4 6. Bc4 Qd6 7. 0-0 Nf6 8. Nb3 Nc6 9. Nbxd4 Nxd4 10. Qxd4 Qxd4 11. Nxd4 Bd7 12. Be2 Bc5 13. Nb3 Bb6 14. Bf3 0-0-0 15. Bf4 Bc6 16. Bxc6 bxc6 17. Rad1 Ng4 18. Bg3 h5 19. h3 Nf6 20. Bh4 Rhg8 21. Bxf6 gxf6 22. Rxd8+ Rxd8 23. Re1 a5 24. Kf1 Rd5 25. a4 Kd7 26. Re2 f5 27. Nd2 Rc5 28. Nf3 Bc7 29. b3 Rd5 30. Nd2 Kd6 31. Nc4+ Kc5 32. c3 f4 33. Ke1 e5 34. Rd2 e4 35. Ke2 Bd8 36. f3 f5 37. Rxd5+ cxd5 38. Ne5 Bc7 39. Nd7+ Kc6 40. Nf6 Be5 41. Nxh5 Kc5 42. b4+ axb4 43. cxb4+ Kxb4 44. g4 fxg3 45. f4 d4 46. Nxg3 d3+ 47. Kd1 Bxf4 48. Nxf5 Kxa4 49. h4 e3 50. h5 e2+ 51. Ke1 Be5 52. Kd2 Bc3+ 0-1

[Event "EU-ch 8th"]
[Site "Dresden"]
[Date "2007.04.08"]
[Round "6"]
[White "Akesson, Ralf"]
[Black "Zesch, Ludwig"]
[Result "0-1"]
[WhiteElo "2478"]
[BlackElo "2287"]
[PlyCount "108"]
[EventDate "2007.04.03"]
[EventType "swiss"]
[EventRounds "11"]
[EventCountry "GER"]
[SourceTitle "CBM 118"]
[Source "ChessBase"]
[SourceDate "2007.05.31"]
[SourceVersion "1"]
[SourceVersionDate "2007.05.31"]
[SourceQuality "1"]

1. d4 Nf6 2. c4 g6 3. Nc3 Bg7 4. e4 d6 5. f3 0-0 6. Bg5 c5 7. d5 e6 8. Qd2 exd5 9. cxd5 a6 10. a4 h6 11. Be3 Re8 12. Nge2 Nbd7 13. Ng3 h5 14. Be2 Nh7 15. 0-0 h4 16. Nh1 f5 17. Nf2 Ne5 18. Rae1 Bd7 19. f4 Nf7 20. Bd3 Qc8 21. exf5 gxf5 22. a5 Qc7 23. Ncd1 Nf6 24. Bc4 Nh6 25. h3 Nf7 26. b3 Re7 27. Qa2 Rae8 28. Bd2 Qd8 29. Rxe7 Rxe7 30. Bc3 Nh5 31. Bxg7 Kxg7 32. Nh1 Re4 33. Qd2 Rd4 34. Qe3 Re4 35. Qd2 Rd4 36. Qc3 Qf6 37. g3 Kf8 38. Qf3 Qg6 39. Kh2 hxg3+ 40. Nxg3 Nxf4 41. Ne2 Ne5 42. Qf2 Ng4+ 43. hxg4 Qh6+ 44. Kg1 Nh3+ 45. Kg2 Nxf2 46. Nxf2 Rd2 47. Ne4 Rxe2+ 48. Bxe2 Qe3 49. Ng3 f4 50. Rf3 Qe5 51. Bc4 Bxg4 52. Rf2 f3+ 53. Kh2 Kg7 54. Ra2 Kh6 0-1

[Event "BL2-Ost 0607"]
[Site "Germany"]
[Date "2006.11.19"]
[Round "3.5"]
[White "Zesch, Ludwig"]
[Black "Enders, Peter"]
[Result "0-1"]
[WhiteElo "2285"]
[BlackElo "2430"]
[PlyCount "104"]
[EventDate "2006.10.15"]
[EventType "team-tourn"]
[EventRounds "9"]
[EventCountry "GER"]
[SourceTitle "EXT 2008"]
[Source "ChessBase"]
[SourceDate "2007.11.25"]
[SourceVersion "1"]
[SourceVersionDate "2007.11.25"]
[SourceQuality "1"]
[WhiteTeam "Gohlis"]
[BlackTeam "Erfurt"]
[WhiteTeamCountry "GER"]
[BlackTeamCountry "GER"]

1. e4 c5 2. c3 Nf6 3. e5 Nd5 4. d4 cxd4 5. Nf3 Nc6 6. cxd4 d6 7. Bc4 dxe5 8. dxe5 Nb6 9. Qxd8+ Nxd8 10. Be2 g6 11. Nc3 Bg7 12. Be3 0-0 13. Bxb6 axb6 14. Nd5 Nc6 15. Nxb6 Ra7 16. Nc4 b5 17. Na3 b4 18. Nc4 Bg4 19. 0-0 Bxf3 20. Bxf3 Nxe5 21. Nxe5 Bxe5 22. Bd5 Bxb2 23. Rad1 Rc8 24. Bb3 Be5 25. Rc1 Rc3 26. Rcd1 Ra5 27. Rd2 Kg7 28. Rfd1 Bd6 29. Rd5 Rxd5 30. Rxd5 Kf6 31. h3 h5 32. Kf1 Bc5 33. Ke2 Bb6 34. Rd2 Rc5 35. Rd5 Rc1 36. Rd1 Rc7 37. Rd3 e6 38. Rd2 Ke5 39. Rc2 Rc3 40. g3 g5 41. Rxc3 bxc3 42. Bc2 Kd4 43. Bb3 Bc7 44. Ba4 e5 45. Bb3 f5 46. Be6 e4 47. Bb3 f4 48. gxf4 Bxf4 49. f3 e3 50. Bc2 h4 51. Bf5 Bc7 52. a4 Ke5 0-1

[Event "Bundesliga 0506"]
[Site "Germany"]
[Date "2006.04.02"]
[Round "15.4"]
[White "Zesch, Ludwig"]
[Black "Lau, Ralf"]
[Result "1/2-1/2"]
[WhiteElo "2292"]
[BlackElo "2467"]
[PlyCount "36"]
[EventDate "2005.10.21"]
[EventType "team-tourn"]
[EventRounds "15"]
[EventCountry "GER"]
[SourceTitle "EXT 2007"]
[Source "ChessBase"]
[SourceDate "2006.11.23"]
[SourceVersion "1"]
[SourceVersionDate "2006.11.23"]
[SourceQuality "1"]
[WhiteTeam "Leipzig Gohlis"]
[BlackTeam "Kreuzberg"]
[WhiteTeamCountry "GER"]
[BlackTeamCountry "GER"]

1. e4 g6 2. d4 Bg7 3. Nc3 d6 4. Nf3 a6 5. a4 e6 6. Bg5 Ne7 7. Qd2 h6 8. Be3 b6 9. Bc4 Nd7 10. 0-0 Nf6 11. Rfe1 Kf8 12. e5 dxe5 13. Nxe5 Bb7 14. Qe2 Ned5 15. Bd2 Qd6 16. Qf3 Kg8 17. Rad1 Rf8 18. Nxd5 Bxd5 1/2-1/2

[Event "Bundesliga 0506"]
[Site "Germany"]
[Date "2006.02.19"]
[Round "11.3"]
[White "Kindermann, Stefan"]
[Black "Zesch, Ludwig"]
[Result "1-0"]
[WhiteElo "2535"]
[BlackElo "2292"]
[PlyCount "81"]
[EventDate "2005.10.21"]
[EventType "team-tourn"]
[EventRounds "15"]
[EventCountry "GER"]
[SourceTitle "CBM 112"]
[Source "ChessBase"]
[SourceDate "2006.06.07"]
[SourceVersion "1"]
[SourceVersionDate "2006.06.07"]
[SourceQuality "1"]
[WhiteTeam "Tegernsee"]
[BlackTeam "Leipzig Gohlis"]
[WhiteTeamCountry "GER"]
[BlackTeamCountry "GER"]

1. e4 c5 2. Nf3 Nc6 3. Bb5 d6 4. 0-0 Bd7 5. Re1 a6 6. Bf1 Bg4 7. d3 Nf6 8. Nbd2 e6 9. h3 Bh5 10. c3 Be7 11. g4 Bg6 12. Nh4 Nd7 13. Nxg6 hxg6 14. f4 Bh4 15. Re2 g5 16. Nf3 gxf4 17. Nxh4 Qxh4 18. Bxf4 Nde5 19. Bg2 g5 20. Bh2 0-0-0 21. Rf2 Ng6 22. d4 Rd7 23. Qf1 Qh7 24. Rd1 cxd4 25. cxd4 e5 26. dxe5 Ngxe5 27. Bg3 Qg7 28. Rc2 Kb8 29. Qf2 Rh6 30. Qb6 Qh8 31. Rc3 Qd8 32. Qe3 Ka8 33. Rdc1 Rh8 34. a3 Qe7 35. b4 Rc7 36. a4 Rhc8 37. Bf2 b5 38. Qb6 Ra7 39. Rxc6 Rxc6 40. Rxc6 Nxc6 41. Qxc6+ 1-0

[Event "Bundesliga 0506"]
[Site "Germany"]
[Date "2005.12.11"]
[Round "6.4"]
[White "Zesch, Ludwig"]
[Black "Reeh, Oliver"]
[Result "0-1"]
[WhiteElo "2292"]
[BlackElo "2449"]
[PlyCount "62"]
[EventDate "2005.10.21"]
[EventType "team-tourn"]
[EventRounds "15"]
[EventCountry "GER"]
[SourceTitle "CBM 111"]
[Source "ChessBase"]
[SourceDate "2006.04.04"]
[SourceVersion "1"]
[SourceVersionDate "2006.04.04"]
[SourceQuality "1"]
[WhiteTeam "Leipzig Gohlis"]
[BlackTeam "Hamburger SK"]
[WhiteTeamCountry "GER"]
[BlackTeamCountry "GER"]

1. e4 c5 2. Nf3 d6 3. d4 cxd4 4. Nxd4 Nf6 5. Nc3 Nc6 6. g3 e5 7. Nde2 Be7 8. Bg2 0-0 9. 0-0 a6 10. Be3 b5 11. a4 b4 12. Nd5 Nxd5 13. Qxd5 Qc7 14. f4 a5 15. Rf2 Ba6 16. f5 Rac8 17. Qd2 Nb8 18. Rc1 Nd7 19. g4 Nc5 20. b3 Bb7 21. Ng3 Bh4 22. f6 Bxg3 23. Bxc5 Bf4 24. Rxf4 exf4 25. Bd4 g5 26. h4 Rfe8 27. hxg5 Bxe4 28. Qxf4 d5 29. Qf2 Bxg2 30. Kxg2 Re4 31. Qh4 Qf4 0-1